000 00563nam a2200169 i 4500
001 142630
003 ES-MaACL
005 20250820152143.0
007 t|
008 071009s1959 sp ||||1| spa d
245 0 0 _aViajes de extranjeros por España y Portugal.
_n, . II,
_pSiglo XVII /
_crecopilación, traducción, prólogo y notas por J. García Mercadal.
260 _aMadrid :
_bAguilar,
_c1959.
300 _a1446 p., 1 lám. ;
_c18 cm.
700 1 _aGarcía Mercadal, J.,
_d1883-1975
_9164264
852 _aES-MaACL
_jE-3698
999 _c142630
_d142630